Länder nach Bildern von UNESCO-Welterbestätten - Europa - Statistiken

Allgemein
  • Dieses Quiz wurde 199 mal gespielt
  • Das Durchschnittsergebnis liegt bei 7 aus 18
Antwortstatistiken
Bildquiz Antwort % Korrekt
Deutschland
97%
Niederlande
87%
Türkei
78%
Frankreich
70%
Griechenland
60%
Belgien
48%
Kroatien
41%
Spanien
40%
Österreich
37%
Finnland
32%
Bulgarien
29%
Portugal
29%
Dänemark
22%
Albanien
20%
Vereinigtes Königreich
17%
Italien
16%
Polen
14%
Serbien
13%
Keine übereinstimmenden Quizze gefunden
Verteilung der Resultate
Anzahl Personen mit jedem Resultat
Perzentil nach korrekt beantworteten Fragen
Ihre Resultats-Entwicklung
Sie haben dieses Quiz noch nicht gespielt